000 01243nam a2200313 i 4500
003 EG-GICUC
005 20260121101652.0
008 260106s2005 ua ||||f |||| 00| 0 ara d
040 _a EG-GICUC
_bara
_c EG-GICUC
_d EG-GICUC
_erda
041 _aara
082 0 4 _221
_a345.6
_bم ح . ق
092 0 4 _221
099 _aLaw1 07 345.6 م ح . ق 2005
100 0 _aمحمد فؤاد عبد الباسط
_eمؤلف.
245 1 2 _aالقرار الإداري :
_bالتعريف والمقومات - النفاذ والإنقضاء /
_cالدكتور محمد فؤاد عبد الباسط .
250 _aطبعة مزيدة ومنقحة
264 1 _aالاسكندرية :
_bدار الجامعة الجديدة للنشر ،
_c2005 .
300 _a518 ؛ صفحة
_c24 سم
336 _2rda content
_atext
337 _2rda media
_aComputer
338 _2rda carrier
_aOnline Resource
504 _a. 518-515 ببليوجرافيا: صفحات.
504 _aيشتمل على إرجاعات ببليوجرافية
650 1 _aالقرارت الإدارية
_xالقانون الإداري
_2qrmak
651 1 _2qrmak
856 4 0 _uhttps://fll.law.cu.edu.eg/fulltext/bks/B07-02189.pdf
905 _a61
942 _2ddc
_cBK
_e21
_n0
999 _c54826
_d54826